000 00840nam a2200277 a 4500
001 000000317
003 DO-SdBNP
005 20150213153708.0
007 000000317
008 081218s2007 dr a 000 0 spa d
020 _a9789945442069
040 _aBPMET
_bspa
_cBPMET
092 _a823.8
_bS847i
100 1 _aStevenson, Robert Louis,
_b1850- 1894
245 1 3 _aLa isla del tesoro /
_cRobert Louis Stevenson ; ilustraciones José Lovera.
260 _aSanto Domingo :
_bTaller
_c2007
300 _a223 p. :
_bil.,
_c24 cm.
440 0 _aClásicos Universales
650 4 _aNOVELA INGLESA
650 4 _aLITERATURA INGLESA
910 _aVM / DG / VG /WM / MF
930 1 _lBND01
_mLF1
_820090711
_f01
_pHD
942 _2ddc
_cBK
956 _aBATCH-UPD
_b10
_c20091221
_lBND01
_h1402
956 _aTMEREDITH
_b10
_c20111004
_lBND01
_h1013
999 _c7396
_d7396